Marketing căn bản = Marketing Essentials /

Cơ sở xã hội của Marketing; Hệ thống nghiên cứu và thông tin; Môi trường, thị trường người tiêu dùng; Thị trường các doanh nghiệp, phân khúc thị trường; Thiết kế hàng hoá, thiết kế sản phẩm; Xác định giá cả cho hàng hoá, các phương pháp phân phối......

Ausführliche Beschreibung

Gespeichert in:
Bibliographische Detailangaben
1. Verfasser: Kotler, Philip.
Weitere Verfasser: Phan Thăng, PTS. (dịch.), Vũ Thị Phượng, PTS (dịch.), Giang Văn Chiến (dịch.)
Format: Buch
Sprache:Vietnamese
English
Veröffentlicht: Tp.HCM : Thống kê, 1997.
Schlagworte:
Tags: Tag hinzufügen
Keine Tags, Fügen Sie den ersten Tag hinzu!
Thư viện lưu trữ: Mạng thư viện Đại học Đà Nẵng
LEADER 01416cam a2200397 i 4500
001 000043200
003 1075
005 20130413142401.0
008 010217b1997 vm 000 vie
020 |c 60000 
040 |a IRC  |c IRC  |d IRC 
041 1 |a vie  |h eng 
082 1 4 |a 658.8  |b KO-P 
100 1 |a Kotler, Philip. 
245 1 0 |a Marketing căn bản =  |b Marketing Essentials /  |c Philip Kotler ; Phan Thăng, Vũ Thị Phượng, Giang Văn Chiến dịch. 
246 0 1 |a Marketing Essentials. 
260 |a Tp.HCM :  |b Thống kê,  |c 1997. 
300 |a 584 tr. ;  |c 24 cm. 
520 3 |a Cơ sở xã hội của Marketing; Hệ thống nghiên cứu và thông tin; Môi trường, thị trường người tiêu dùng; Thị trường các doanh nghiệp, phân khúc thị trường; Thiết kế hàng hoá, thiết kế sản phẩm; Xác định giá cả cho hàng hoá, các phương pháp phân phối... 
630 0 4 |a Kinh tế. 
630 0 4 |a Marketing. 
650 0 4 |a Marketing. 
650 0 4 |a Marketing căn bản. 
700 1 |a Phan Thăng,  |c PTS.,  |e dịch. 
700 1 |a Vũ Thị Phượng,  |c PTS,  |e dịch. 
700 1 |a Giang Văn Chiến,  |e dịch. 
OWN |a DUT 
999 |a From the UDN01 
TYP |a Monograph 
TYP |a Printed language 
980 |a Mạng thư viện Đại học Đà Nẵng